Statistiques concernant L'alcool et les aventures de Tintin

Cliquez ici pour prendre le quiz!

Statistiques générales

  • Ce quiz a été pris 69 fois
  • Le résultat moyen est 10 sur 18

Statistiques - réponses

QuestionsRéponses% Correct
Insulte du capitaine Haddock désignant un ivrogne : boit-sans-___.Soif
84%
Trafiquant d'alcool et unique personnage réel à apparaître dans les aventures de Tintin.Al Capone
79%
Personnage qui trouva la solution pour dégoûter le Capitaine Haddock de l'alcool.Tryphon Tournesol
78%
Boisson que le Capitaine Haddock rapporte de l'épave de La Licorne (dans "Le Trésor de Rackham Le Rouge") et par ailleurs qu'il arrache des mains de Tintin (dans Coke en stock) alors qu'il était passablement endormi, la boisson l'ayant bien revigoré.Du rhum
76%
Premier album des aventures de Tintin dans lequel bien avant qu'Hergé ne lui prête son expression célèbre "non merci, jamais d'alcool", Tintin se saoule au champagne.Tintin au Pays des Soviets
69%
Double apparition dans l'esprit de Milou lorsqu'il aperçut un flacon de whisky tombée de la poche du pantalon du Capitaine Haddock et s'apprête à en boire.Un ange
67%
Album dans lequel un illusionniste transforme de l'eau en vin.Les Sept Boules de cristal
64%
Double apparition dans l'esprit de Milou lorsqu'il aperçoit un flacon de whisky tombée de la poche du pantalon du Capitaine Haddock et s'apprête à en boire.Un démon
64%
Boisson non alcoolisée que commanda Tintin dans un café pour Haddock et lui-même (dans Coke en stock) avant que le capitaine n'ait eu le temps de passer sa propre commande. Pendant que Tintin passait un coup de téléphone, Haddock eut le temps de commander un whisky en plus de deux verres de la boisson commandée par Tintin.De l'eau minérale
62%
Whisky préféré du Capitaine Haddock (marque écossaise qui semble réellement existé et un par ailleurs, le nom d'un lac) dont Milou s'abreuvait déjà dans l'Île Noire, ce qui lui valut une correction de la part de Tintin.Le Loch Lomond
57%
Album dans lequel Tintin s'enivre en buvant un alcool très fort avant son exécution pour laquelle il sera sauvé sans en avoir conscience.L'oreille cassée
57%
Personnage qui dans ce même album (réponse précédente) offrit à Haddock un verre d'aguardiente, l'eau-de-vie (bien réelle) qui avait jadis rendu Tintin ivre (réponse #3).Le Général Alcazar
53%
Dictateur qui faisait parachuter du whisky dans la jungle pour inciter les rebelles à l'ivrognerie et pour les rendre incapables de mener à bien une révolution.Le Général Tapioca
53%
Album dans lequel exceptionnellement et pour une grande occasion, Tintin lève un verre de champagne avec ses compagnons d'aventures.Objectif Lune
38%
Village dont le château a servi de modèle au Château de Moulinsart, village situé dans l'aire de l'appellation d'origine protégée (A.O.P.) de trois vins dont deux qui portent le même nom (avec le château illustré sur l'étiquette) et le Crémant-de-Loire.Cheverny
36%
Personnage qui dans L'Étoile mystérieuse, rompt l'abstinence à l'alcool du Capitaine Haddock en lui versant dans son verre d'eau minérale ce qui devait être un "soupçon", une "larme" de whisky" mais in fine, cette "larme" fit déborder son verre.Le Capitaine Chester
34%
Personnage scientifique suisse spécialiste des ultrasons qui avait prévu une bouteille de vin de 1947 à l'intention d'un invité de marque (réponse #17), bouteille dont se régalera le Capitaine Haddock.Alfredo Topolino
24%
Boisson que Tintin gardait en réserve dans "Tintin au Tibet" car elle avait, à l'époque, la réputation surfaite de fortifier contre le froid.Du cognac
22%

Distribution des résultats

Percentile par nombre de réponses

% des personnes avec chaque résultat

Votre développement - résultats

Vous n’avez pas pris ce quiz